000
00315nam a22001337a 4500
020
_a
9781466552098
082
_a
624.15136
_b
POW/SO
100
_a
Powrie, William
_9
500
245
_a
Soil Mechanics: Concepts And Applications
250
_a
3rd
260
_a
New York
_b
CRC Press
_c
2014
300
_a
654
942
_c
BK
999
_c
14344
_d
14344